000
00300nam a22001217a 4500
003
ASAB
005
20180827062634.0
008
160607t xxu||||| |||| 00| 0 eng d
040
_c
ASAB
245
_a
Islam ka khandani nizam
_c
translated by Dr. Amjad Ali Bhatti
300
_a
452 p.
942
_2
ddc
_c
BK
999
_c
480099
_d
480099